[Event "CAN-ch U10"]
[Site "Quebec"]
[Date "2018.07.05"]
[Round "7.123"]
[White "Mak, Logan Jason"]
[Black "Mellon Ruel, Olivier"]
[Result "1-0"]
[WhiteElo "652"]
[BlackElo "936"]
[PlyCount "55"]
[EventDate "2018.07.02"]
[EventType "swiss"]
[EventRounds "7"]
[EventCountry "CAN"]
[SourceTitle "EXT 2022"]
[Source "ChessBase"]
[SourceDate "2021.10.06"]
[SourceVersion "1"]
[SourceVersionDate "2021.10.06"]
[SourceQuality "1"]

1. f4 d5 2. Nf3 g6 3. e3 Nf6 4. Nc3 Bg7 5. Be2 0-0 6. 0-0 Nc6 7. b3 d4 8. exd4 Nxd4 9. Bb2 Nd5 10. Nxd4 Bxd4+ 11. Kh1 e5 12. fxe5 Bxe5 13. Bf3 Qh4 14. g3 Qh3 15. Bg2 Qe6 16. Bxd5 Qd7 17. Bg2 Rb8 18. Ba3 Re8 19. Rb1 b5 20. Bb2 Bb7 21. Bxb7 Rxb7 22. Ne4 Bxb2 23. Rxb2 Rxe4 24. Qf3 f5 25. d3 Qd4 26. Rbb1 Rb6 27. dxe4 fxe4 28. Qf8# 1-0

[Event "Windsor NAYCC U08"]
[Site "Windsor"]
[Date "2016.08.09"]
[Round "4.175"]
[White "Locham, Divjot"]
[Black "Mak, Logan Jason"]
[Result "1-0"]
[WhiteElo "799"]
[BlackElo "555"]
[PlyCount "53"]
[EventDate "2016.08.07"]
[EventType "swiss"]
[EventRounds "9"]
[EventCountry "CAN"]
[SourceTitle "EXT 2022"]
[Source "ChessBase"]
[SourceDate "2021.10.06"]
[SourceVersion "1"]
[SourceVersionDate "2021.10.06"]
[SourceQuality "1"]

1. e4 c5 2. Nf3 Nc6 3. Bc4 Nf6 4. Ng5 e6 5. Nc3 d5 6. exd5 exd5 7. Bb3 d4 8. Nxf7 Qc7 9. Qe2+ Be7 10. Nxh8 dxc3 11. dxc3 Bf5 12. Bf7+ Kd8 13. Qd2+ Bd6 14. Bb3 Ne4 15. Qd5 Ne7 16. Qd1 c4 17. Bf4 cxb3 18. Nf7+ Kd7 19. Ne5+ Kd8 20. Nf7+ Kd7 21. Ne5+ Kd8 22. Nc4 bxc2 23. Qd4 Kd7 24. Rc1 Nc6 25. Qxg7+ Ne7 26. Ne5+ Ke6 27. Qf7# 1-0

[Event "CAN-ch U08"]
[Site "Windsor"]
[Date "2015.07.09"]
[Round "6.132"]
[White "Mak, Logan Jason"]
[Black "Duong, Eric"]
[Result "0-1"]
[WhiteElo "798"]
[BlackElo "583"]
[PlyCount "37"]
[EventDate "2015.07.06"]
[EventType "swiss"]
[EventRounds "7"]
[EventCountry "CAN"]
[SourceTitle "EXT 2022"]
[Source "ChessBase"]
[SourceDate "2021.10.06"]
[SourceVersion "1"]
[SourceVersionDate "2021.10.06"]
[SourceQuality "1"]

1. e4 c5 2. d4 cxd4 3. c3 dxc3 4. Nxc3 Nc6 5. Bc4 Nf6 6. Nf3 h6 7. Bf4 e6 8. e5 Nh7 9. 0-0 Bb4 10. Qd6 Bxd6 11. exd6 Nb4 12. Be5 Rg8 13. a3 Nc6 14. Rfe1 Nxe5 15. Rxe5 b6 16. Bd3 Bb7 17. Bxh7 Rh8 18. Bf5 Bxf3 19. gxf3 0-1

[Event "CAN-ch U08"]
[Site "Windsor"]
[Date "2015.07.07"]
[Round "2.132"]
[White "Mak, Logan Jason"]
[Black "Ripley, Sam"]
[Result "0-1"]
[WhiteElo "798"]
[BlackElo "667"]
[PlyCount "44"]
[EventDate "2015.07.06"]
[EventType "swiss"]
[EventRounds "7"]
[EventCountry "CAN"]
[SourceTitle "EXT 2022"]
[Source "ChessBase"]
[SourceDate "2021.10.06"]
[SourceVersion "1"]
[SourceVersionDate "2021.10.06"]
[SourceQuality "1"]

1. e4 e5 2. d4 exd4 3. c3 dxc3 4. Bc4 Nf6 5. Nf3 Bb4 6. Nxc3 0-0 7. Bg5 h6 8. Bxf6 Qxf6 9. 0-0 d6 10. Nd5 Qxb2 11. Nxc7 Qc3 12. Nxa8 Qxc4 13. Qxd6 Bxd6 14. Rfc1 Qe6 15. Nd4 Qe5 16. Nf3 Qf4 17. g3 Qxf3 18. Nc7 Bxc7 19. Rxc7 Qxe4 20. Rac1 Bh3 21. f3 Qxf3 22. R1c2 Qf1# 0-1